| 000 | 00624nam a2200181Ia 4500 | ||
|---|---|---|---|
| 008 | 100917s9999 xx 000 0 und d | ||
| 082 | _b16623 | ||
| 100 | _aखुपरेकर बाळकृष्ण माधव | ||
| 245 | _aमहाकवि भास आणि त्याची नाटके | ||
| 260 |
_b--- _c1848 |
||
| 300 | _a126 | ||
| 365 | _b0.75 | ||
| 520 | _aनाटक | ||
| 630 | _aमहाकवि भास आणि त्याची नाटके | ||
| 650 | _aनाटक | ||
| 730 | _aमहाकवि भास आणि त्याची नाटके | ||
| 942 | _cBOOK | ||
| 999 |
_c622017 _d622014 |
||